<?xml version="1.0" encoding="UTF-8"?>
<record
    xmlns:xsi="http://www.w3.org/2001/XMLSchema-instance"
    xsi:schemaLocation="http://www.loc.gov/MARC21/slim http://www.loc.gov/standards/marcxml/schema/MARC21slim.xsd"
    xmlns="http://www.loc.gov/MARC21/slim">

  <leader>02285    a2200205   4500</leader>
  <datafield tag="020" ind1=" " ind2=" ">
    <subfield code="a">0471430161</subfield>
  </datafield>
  <datafield tag="020" ind1=" " ind2=" ">
    <subfield code="a">9780471430162</subfield>
  </datafield>
  <datafield tag="082" ind1="0" ind2="4">
    <subfield code="a">332.632042</subfield>
  </datafield>
  <datafield tag="090" ind1=" " ind2=" ">
    <subfield code="c">3037</subfield>
    <subfield code="d">3037</subfield>
  </datafield>
  <datafield tag="100" ind1="1" ind2=" ">
    <subfield code="a">Stein, Ben.</subfield>
  </datafield>
  <datafield tag="245" ind1="1" ind2="0">
    <subfield code="a">Yes, you can time the market! /</subfield>
    <subfield code="c">Ben Stein.</subfield>
  </datafield>
  <datafield tag="250" ind1=" " ind2=" ">
    <subfield code="a">1st ed.</subfield>
  </datafield>
  <datafield tag="260" ind1=" " ind2=" ">
    <subfield code="a">[S.l.] :</subfield>
    <subfield code="b">Wiley,</subfield>
    <subfield code="c">2003.</subfield>
  </datafield>
  <datafield tag="300" ind1=" " ind2=" ">
    <subfield code="a">240 p. ;</subfield>
    <subfield code="c">24 cm.</subfield>
  </datafield>
  <datafield tag="500" ind1=" " ind2=" ">
    <subfield code="a">Hardcover.</subfield>
  </datafield>
  <datafield tag="520" ind1=" " ind2=" ">
    <subfield code="a">Praise for Yes, You Can Time the Market! "&#xC3;&#xA2;&#xE2;&#x201A;&#xAC;&#xCB;&#x153;Buy and hold&#xC3;&#xA2;&#xE2;&#x201A;&#xAC;&#xE2;&#x201E;&#xA2; makes sense for the average investor in stocks. Even better, say Stein and DeMuth, is to buy only when prices are low and hold when prices are high, keeping accumulating savings in Treasuries while waiting for &#xC3;&#xA2;&#xE2;&#x201A;&#xAC;&#xCB;&#x153;low&#xC3;&#xA2;&#xE2;&#x201A;&#xAC;&#xE2;&#x201E;&#xA2; prices. They define &#xC3;&#xA2;&#xE2;&#x201A;&#xAC;&#xCB;&#x153;low&#xC3;&#xA2;&#xE2;&#x201A;&#xAC;&#xE2;&#x201E;&#xA2; and &#xC3;&#xA2;&#xE2;&#x201A;&#xAC;&#xCB;&#x153;high&#xC3;&#xA2;&#xE2;&#x201A;&#xAC;&#xE2;&#x201E;&#xA2; prices by historical experience. An interesting and thoughtful analysis." &#xC3;&#xA2;&#xE2;&#x201A;&#xAC;&#xE2;&#x20AC;&#x153;Professor Milton Friedman University of Chicago, Hoover Center Nobel Prize Winner in Economics, 1976 "Wall Street, prepare yourself. Ben and Phil hit the nail on the head with their insightful guide to investing. No gimmicks, no games, just tapping the true power of economics to make sensible investment decisions. Add to that the authors&#xC3;&#xA2;&#xE2;&#x201A;&#xAC;&#xE2;&#x201E;&#xA2; dry wit, and this handbook is a must-read for investors small and large." &#xC3;&#xA2;&#xE2;&#x201A;&#xAC;&#xE2;&#x20AC;&#x153;Diane C. Swonk Director of Economics, Chief Economist Senior Vice President, Bank One Corporation " The logic and reasoning are persuasive. Stein and DeMuth buttress them with evidence, lots of it. The term &#xC3;&#xA2;&#xE2;&#x201A;&#xAC;&#xCB;&#x153;valuable&#xC3;&#xA2;&#xE2;&#x201A;&#xAC;&#xE2;&#x201E;&#xA2; properly applies to the guidance of the conclusions." &#xC3;&#xA2;&#xE2;&#x201A;&#xAC;&#xE2;&#x20AC;&#x153;C. Lowell Harriss Professor Emeritus of Economics Columbia University "How refreshing to read commonsense advice about the stock market! Stein and DeMuth&#xC3;&#xA2;&#xE2;&#x201A;&#xAC;&#xE2;&#x201E;&#xA2;s findings are both verifiable and free of quantitative trickery. What&#xC3;&#xA2;&#xE2;&#x201A;&#xAC;&#xE2;&#x201E;&#xA2;s more, their writing is as clear and straightforward as the methods they recommend." &#xC3;&#xA2;&#xE2;&#x201A;&#xAC;&#xE2;&#x20AC;&#x153;Martin Fridson author, It Was a Very Good Year: Extraordinary</subfield>
  </datafield>
  <datafield tag="856" ind1=" " ind2=" ">
    <subfield code="3">Amazon.com</subfield>
    <subfield code="u">http://www.amazon.com/exec/obido</subfield>
  </datafield>
  <datafield tag="856" ind1=" " ind2=" ">
    <subfield code="3">Amazon customer reviews</subfield>
    <subfield code="u">http://www.chopac.org/cg</subfield>
  </datafield>
  <datafield tag="942" ind1=" " ind2=" ">
    <subfield code="a">NBS</subfield>
    <subfield code="c">BK</subfield>
    <subfield code="k">332.632042 STE</subfield>
  </datafield>
  <datafield tag="999" ind1=" " ind2=" ">
    <subfield code="c">345527</subfield>
    <subfield code="d">345527</subfield>
  </datafield>
  <datafield tag="952" ind1=" " ind2=" ">
    <subfield code="0">0</subfield>
    <subfield code="1">0</subfield>
    <subfield code="4">0</subfield>
    <subfield code="7">0</subfield>
    <subfield code="a">CL</subfield>
    <subfield code="b">CL</subfield>
    <subfield code="d">2013-08-28</subfield>
    <subfield code="l">2</subfield>
    <subfield code="o">332.632042 STE</subfield>
    <subfield code="p">NBSD-271</subfield>
    <subfield code="r">2021-11-15</subfield>
    <subfield code="s">2017-08-03</subfield>
    <subfield code="w">2013-08-28</subfield>
    <subfield code="y">BK</subfield>
  </datafield>
  <datafield tag="952" ind1=" " ind2=" ">
    <subfield code="0">0</subfield>
    <subfield code="1">0</subfield>
    <subfield code="4">0</subfield>
    <subfield code="7">0</subfield>
    <subfield code="a">CL</subfield>
    <subfield code="b">CL</subfield>
    <subfield code="d">2013-08-28</subfield>
    <subfield code="l">3</subfield>
    <subfield code="o">332.632042 STE</subfield>
    <subfield code="p">NBSD-270</subfield>
    <subfield code="q">2026-05-24</subfield>
    <subfield code="r">2026-01-24</subfield>
    <subfield code="s">2026-01-24</subfield>
    <subfield code="w">2013-08-28</subfield>
    <subfield code="y">BK</subfield>
  </datafield>
</record>
